Louisville Football: Top 10 All-Time Leaders - Statistics

General Stats
  • This quiz has been taken 15 times
  • The average score is 13 of 61
Answer Stats
Category # Player Amount % Correct
Passing Yards 5 Lamar Jackson 9,043
93%
Rushing Yards 1 Lamar Jackson 4,132
93%
Passing Yards 3 Teddy Bridgewater 9,817
79%
Receiving Yards 1 Arnold Jackson 3,670
71%
Passing Yards 4 Malik Cunningham 9,664
71%
Rushing Yards 3 Malik Cunningham 3,179
71%
Passing Yards 2 Brian Brohm 10,775
64%
Passing Yards 10 Jeff Brohm 5,451
64%
Tackles 9 Tom Jackson 373
64%
Passing Yards 1 Chris Redman 12,541
50%
Passing Yards 8 Stefan Lefors 5,853
29%
Sacks 6 Ashton Gillotte 26.5
21%
Passing Yards 6 Dave Ragone 8,564
21%
Receiving Yards 4 DeVante Parker 2,775
21%
Sacks 2 Elvis Dumervil 32.0
21%
Receiving Yards 2 Harry Douglas 2,924
21%
Receiving Yards 7 Jaylen Smith 2,505
21%
Sacks 8 Marcus Smith II 24.0
21%
Rushing Yards 7 Michael Bush 2,508
21%
Receiving Yards 8 Tutu Atwell 2,307
21%
Rushing Yards 8 Brandon Radcliff 2,365
14%
Sacks 1 Dewayne White 37.5
14%
Tackles 4 Eddie Johnson 457
14%
Passing Yards 9 Ed Rubbert 5,496
14%
Interceptions T5 Gerod Holliman 14
14%
Rushing Yards 5 Howard Stevens 2,723
14%
Passing Yards 7 Jay Gruden 7,024
14%
Sacks 7 Joe Johnson 25.0
14%
Rushing Yards 4 Nathan Poole 2,908
14%
Rushing Yards 2 Walter Peacock 3,204
14%
Interceptions 1 Anthony Floyd 18
7%
Tackles 10 C.J. Avery 350
7%
Interceptions T8 Dan Bednarski 11
7%
Rushing Yards 9 Deon Booker 2,363
7%
Receiving Yards 6 Dez Fitzpatrick 2,589
7%
Tackles 1 Doug Buffone 495
7%
Rushing Yards 6 Frank Moreau 2,599
7%
Receiving Yards 3 Ibn Green 2,830
7%
Rushing Yards 10 Javian Hawkins 2,355
7%
Tackles 6 Jeff Henry 408
7%
Interceptions 7 John Gailey 12
7%
Receiving Yards 5 J.R. Russell 2,619
7%
Sacks 5 Kendrick Gholston 29.0
7%
Interceptions T8 Kerry Rhodes 11
7%
Interceptions T3 Leon Williams 15
7%
Sacks 10 Marcus Jones 23.0
7%
Receiving Yards 10 Mario Urrutia 2,271
7%
Tackles 2 Mark Sander 488
7%
Sacks 3 Michael Josiah 31.0
7%
Receiving Yards 9 Miguel Montano 2,305
7%
Interceptions T8 Mike Detenber 11
7%
Sacks 4 Mike Flores 30.5
7%
Tackles 3 Otis Wilson 484
7%
Tackles 8 Pat Fitzgerald 385
7%
Interceptions T5 Rashad Holman 14
7%
Interceptions T3 Ray Buchanan 15
7%
Tackles 5 Ricky Skiles 415
7%
Interceptions 2 Sam Madison 16
7%
Interceptions T8 Sebastian Curry 11
7%
Tackles 7 Tyrus McCloud 403
7%
Sacks 9 Yasir Abdullah 23.5
7%
No matching quizzes found
Score Distribution
Percent of People with Each Score
Percentile by Number Answered
Your Score History
You have not taken this quiz